10 for dinner / (Record no. 6598)

MARC details
000 -LEADER
fixed length control field 00749nam a22002537a 4500
001 - CONTROL NUMBER
control field 6598
003 - CONTROL NUMBER IDENTIFIER
control field FISKH
005 - DATE AND TIME OF LATEST TRANSACTION
control field 20250513094827.0
008 - FIXED-LENGTH DATA ELEMENTS--GENERAL INFORMATION
fixed length control field 250513b cb ||||| |||| 00| 0 eng d
040 ## - CATALOGING SOURCE
Original cataloging agency FISKH
Language of cataloging eng
Transcribing agency FISKH
Modifying agency FISKH
050 ## - LIBRARY OF CONGRESS CALL NUMBER
Classification number PZ7.B636
082 ## - DEWEY DECIMAL CLASSIFICATION NUMBER
Classification number 532
100 ## - MAIN ENTRY--PERSONAL NAME
Personal name Bogart, Jo Ellen
245 ## - TITLE STATEMENT
Title 10 for dinner /
Statement of responsibility, etc. Jo Ellen Bogart ; Illustrated by Carlos Freire
260 ## - PUBLICATION, DISTRIBUTION, ETC.
Place of publication, distribution, etc. Toronto :
Name of publisher, distributor, etc. Scholastic,
Date of publication, distribution, etc. 1989.
300 ## - PHYSICAL DESCRIPTION
Extent 20 pages :
Other physical details color illustrations ;
Dimensions 21 ​x​ 26 cm
505 ## - FORMATTED CONTENTS NOTE
Formatted contents note I<br/>
520 ## - SUMMARY, ETC.
Summary, etc. Margo has invited 10 friends for dinner on her birthday.
521 8# - TARGET AUDIENCE NOTE
Target audience note 430<br/>
Source Lexile AD<br/>
521 8# - TARGET AUDIENCE NOTE
Target audience note I<br/>
Source Raz-Plus<br/>
650 ## - SUBJECT ADDED ENTRY--TOPICAL TERM
Topical term or geographic name entry element Addition
Form subdivision Friendship
General subdivision Counting
942 ## - ADDED ENTRY ELEMENTS (KOHA)
Source of classification or shelving scheme Dewey Decimal Classification
Koha item type Books
Suppress in OPAC No
Holdings
Withdrawn status Lost status Source of classification or shelving scheme Damaged status Not for loan Collection Home library Current library Shelving location Date acquired Total Checkouts Full call number Barcode Date last seen Date last checked out Copy number Price effective from Koha item type
    Dewey Decimal Classification     Juvenile Fiction Footprints International School Library Network Toul Kork Campus Footprints International School Library Network Toul Kork Campus TK Primary Library Room(4th Floor), Bookcase 1&2, Shelves 1-16, Dark Blue Books 05/13/2025 1 BOG 532 PZ7.B636 FISBK072137 05/28/2025 05/21/2025 1 05/13/2025 Books